000
00287 a2200133 4500
001
194954
040
_c
Magnum
100
_a
Sousa, de Maurício
240
1
0
_a
Turma da Mônica
_l
por
245
1
0
_a
Turma da Mônica
300
_a
67
697
_a
LITERATURA INFANTO-JUVENIL
942
_c
BK
999
_c
194954
_d
194954